[Event "Wellington Club Championship - Open Swiss"]
[Site "Wellington Chess Club"]
[Date "2023.11.30"]
[Round "10.1"]
[White "Chang, Luke"]
[Black "Tan, Jin"]
[Result "1-0"]
[WhiteElo "1632"]
[BlackElo "1236"]

1. d4 d5 2. c4 e6 3. Nc3 Nf6 4. cxd5 exd5 5. Bg5 Bb4 6. e3 Bf5 7. Qb3 Bxc3+ 8.
bxc3 b6 9. Bxf6 gxf6 10. c4 Be6 11. Bd3 h6 12. Ne2 Rg8 13. Nf4 dxc4 14. Bxc4
Bxc4 15. Qxc4 c6 16. O-O f5 17. Rfd1 Qd6 18. a4 Nd7 19. Rdc1 Rc8 20. Qd3 Qf6
21. Qa6 Rb8 22. a5 Ke7 23. axb6 axb6 24. Qc4 Rgc8 25. Ra7 Kd8 26. h3 Ke8 27.
Ra2 Nf8 28. Rac2 Kd7 29. Nd5 cxd5 30. Qxd5+ Ke7 31. Rxc8 Rxc8 32. Rxc8 Nd7 33.
Rc6 Qh8 34. Qd6+ Kd8 35. Rxb6 Kc8 36. Qc6+ Kd8 37. Rb7 Qe8 38. Qxd7+ Qxd7 39.
Rxd7+ Kxd7 40. Kf1 Kd6 41. Ke2 Kd5 42. Kd3 f6 43. f3 h5 44. e4+ fxe4+ 45. fxe4+
Kd6 46. g4 hxg4 47. hxg4 Ke6 48. Ke3 1-0

[Event "Wellington Club Championship - Open Swiss"]
[Site "Wellington Chess Club"]
[Date "2023.11.30"]
[Round "10.2"]
[White "Forster, Bill"]
[Black "Pomeroy, Arthur"]
[Result "1/2-1/2"]
[WhiteElo "2016"]
[BlackElo "2021"]

1. e4 c5 2. Nf3 d6 3. d4 Nf6 4. Nc3 cxd4 5. Nxd4 a6 6. Rg1 h5 7. Bg5 Nc6 8. Be2
Qa5 9. Bxf6 gxf6 10. Nb3 Qd8 11. Bxh5 f5 12. exf5 Bxf5 13. Qf3 e6 14. Bxf7+
Kxf7 15. g4 Rg8 16. O-O-O Qg5+ 17. Kb1 Ke8 18. gxf5 Qxg1 19. Rxg1 Rxg1+ 20. Nd1
exf5 21. c3 Kd7 22. Kc2 Kc7 23. Qxf5 Be7 24. Ne3 Rf8 25. Nd5+ Kb8 26. Qd7 Rxf2+
27. Nd2 Rgg2 28. Qc7+ Ka7 29. Qb6+ Kb8 30. Qc7+ 1/2-1/2

[Event "Wellington Club Championship - Open Swiss"]
[Site "Wellington Chess Club"]
[Date "2023.11.30"]
[Round "10.3"]
[White "Hunt, Liam"]
[Black "Marney, John"]
[Result "1-0"]
[WhiteElo "1690"]
[BlackElo "1658"]
[PlyCount "55"]
[EventDate "2023.09.28"]

1. e4 e5 2. Nf3 Nc6
3. Bc4 Bc5 4. c3 Nf6 5. d4 exd4 6. cxd4 Bb4+ 7. Nbd2 d5 8. Bb5 O-O 9. e5 Ne4
10. O-O Bg4 11. Bxc6 bxc6 12. Qb3 c5 13. Nxe4 dxe4 14. Ng5 Qxd4 15. e6 Bxe6 16.
Nxe6 fxe6 17. Qxe6+ Kh8 18. Be3 Qxb2 19. Qxe4 Qf6 20. a3 Bc3 21. Rac1 Bb2 22.
Rxc5 Bxa3 23. Rxc7 a5 24. Bd4 Qf5 25. Bxg7+ Kg8 26. Bc3 Qxe4 27. Rg7+ Kh8 28.
Rg3+ 1-0

[Event "Wellington Club Championship - Open Swiss"]
[Site "Wellington Chess Club"]
[Date "2023.11.30"]
[Round "10.4"]
[White "Mavaram, Eashan"]
[Black "Farrington, Lawrence"]
[Result "0-1"]
[WhiteElo "1525"]
[BlackElo "1506"]

1. e4 e6 2. d4 d5 3. e5 c5 4. c3 Nc6 5. Nf3 Qb6 6. Be2 Nh6 7. Bxh6 Qxb2 8. Nbd2
gxh6 9. Qc1 Qxc1+ 10. Rxc1 Bd7 11. O-O Be7 12. Rb1 b6 13. Rfc1 O-O 14. Nf1 Rac8
15. Ba6 Rc7 16. Ne3 Bc8 17. Bb5 Bb7 18. Rd1 Rfc8 19. Ng4 Kg7 20. Ne3 cxd4 21.
cxd4 Na5 22. h3 Nc4 23. Bxc4 dxc4 24. d5 exd5 25. Nxd5 Bxd5 26. Rxd5 c3 27. Rc1
a6 28. Nd4 c2 29. e6 Kg6 30. Rd7 Kf6 31. Rxc7 Rxc7 32. exf7 Kxf7 33. Rxc2 Rd7
34. Nf5 Bc5 35. Nxh6+ Kg6 36. Ng4 Rd1+ 37. Kh2 h5 38. Ne5+ Kf5 39. Nf3 Rd6 40.
a4 a5 41. Nh4+ Ke4 42. f3+ Kd3 43. Ra2 Kc3 44. g4 hxg4 45. hxg4 Rh6 46. Kg3 Be7
47. f4 Rxh4 48. Kf3 Rh8 49. g5 Kb3 50. Re2 Bc5 51. Re4 Kc3 52. f5 Kd3 53. Re6
Kd4 54. f6 Kd5 0-1

[Event "Wellington Club Championship - Open Swiss"]
[Site "Wellington Chess Club"]
[Date "2023.11.30"]
[Round "10.6"]
[White "Ulm, Eric"]
[Black "Sova, Leo"]
[Result "1/2-1/2"]
[WhiteElo "1433"]
[BlackElo "1645"]

1. e4 e5 2. Nf3 Nc6 3. Bb5 a6 4. Ba4 Nf6 5. Qe2 b5 6. Bb3 Bc5 7. d3 h6 8. c3 d6
9. O-O O-O 10. Be3 Bxe3 11. fxe3 Re8 12. Nbd2 Na5 13. Bc2 c5 14. a3 Bb7 15.
Rfd1 Qb6 16. Nf1 c4 17. Ng3 Rad8 18. Kh1 cxd3 19. Bxd3 Nb3 20. Rab1 Nc5 21. Nd2
Nxd3 22. Qxd3 Ng4 23. Qe2 Nxe3 24. Re1 Nc2 {Draw agreed} 1/2-1/2

[Event "Wellington Club Championship - Open Swiss"]
[Site "Wellington Chess Club"]
[Date "2023.11.30"]
[Round "10.7"]
[White "Saglam, Yigit"]
[Black "Ulm, Joy"]
[Result "1-0"]
[WhiteElo "1775"]
[BlackElo "1664"]

1. d4 Nf6 2. c4 e6 3. Nf3 d5 4. g3 Be7 5. Bg2 dxc4 6. Ne5 O-O 7. O-O Nc6 8.
Nxc6 bxc6 9. Bxc6 Rb8 10. e3 Bb7 11. Bxb7 Rxb7 12. Nd2 Qd5 13. Qe2 Rb4 14. b3
cxb3 15. axb3 Rb7 16. Ba3 Bxa3 17. Rxa3 c5 18. Ra5 Rc8 19. Rc1 Rbc7 20. b4 Qb7
21. bxc5 Qb2 22. Rb1 Qc2 23. Qd1 Qf5 24. Rba1 Ng4 25. Qf1 Ra8 26. Qg2 Qd5 27.
Nc4 Rb8 28. Qxd5 exd5 29. Nd6 Rb2 30. R5a2 Rxa2 31. Rxa2 Kf8 32. h3 Nf6 33. Nb5
Rb7 34. Nxa7 Ke7 35. Nc6+ Kd7 36. Ne5+ Ke7 37. Kg2 Nd7 38. c6 1-0

[Event "Wellington Club Championship - Open Swiss"]
[Site "Wellington Chess Club"]
[Date "2023.11.30"]
[Round "10.9"]
[White "Saglam, Azra Sena"]
[Black "Henrys, Francis"]
[Result "1-0"]
[WhiteElo "1546"]
[BlackElo "1690"]

1. c4 Nc6 2. Nc3 d6 3. g3 e5 4. Bg2 Nf6 5. e4 g6 6. Nge2 Bg4 7. h3 Be6 8. d3
Qd7 9. Be3 Bg7 10. f4 O-O-O 11. Qd2 h5 12. O-O-O a6 13. Rdf1 Rdf8 14. Nd5 Ne8
15. d4 exd4 16. Nxd4 Nxd4 17. Bxd4 Qa4 18. b3 Qa3+ 19. Qb2 Qxb2+ 20. Bxb2 Bxb2+
21. Kxb2 c6 22. Ne3 f5 23. Rd1 Kc7 24. Rhe1 h4 25. exf5 gxf5 26. Nc2 Ng7 27.
Re3 c5 28. Rf1 b6 29. g4 Rhg8 30. g5 Kd7 31. Bf3 Bf7 32. Rfe1 Re8 33. Rxe8 Rxe8
34. Rxe8 Kxe8 35. Ne3 Ke7 36. Kc3 Ne6 37. Nxf5+ Kd7 38. Nxh4 Nxf4 39. Bg4+ Ke8
40. Nf5 d5 41. Nd6+ Kf8 42. Nxf7 d4+ 43. Kd2 Kxf7 44. Bf5 Ng2 45. Be4 Nf4 46.
h4 Kg7 47. a3 a5 48. a4 Nh5 49. Bf3 Nf4 50. Be4 Ne6 51. Bf3 Kg6 52. Be4+ Kh5
53. g6 Kxh4 54. Bf5 Ng7 55. Be4 Kg5 56. Ke2 Kf6 57. Kf3 Ne8 58. Kf4 Kg7 59. Bd3
Nc7 60. Ke5 Na6 61. Kd6 Nb4 62. Be4 d3 63. Kc7 d2 64. Bf3 Kxg6 65. Kxb6 Nd3 66.
Kxa5 Nc1 67. b4 Nb3+ 68. Kb6 cxb4 69. a5 Nxa5 70. Kxa5 b3 71. Bd1 b2 72. Bc2+
Kf6 73. c5 d1=Q 74. Bxd1 b1=Q 75. Ba4 Ke7 76. Bb5 Kd8 77. Kb6 Qb4 78. c6 Qd4+
79. Kb7 Qc5 80. Ka6 Kc7 81. Ka5 Qb6+ 82. Kb4 Kd6 1-0

[Event "Wellington Club Championship - Open Swiss"]
[Site "Wellington Chess Club"]
[Date "2023.11.30"]
[Round "10.11"]
[White "Hupert, Leo"]
[Black "He, Zachary"]
[Result "1-0"]
[WhiteElo "1350"]
[BlackElo "1150"]
[PlyCount "33"]
[EventDate "2023.09.28"]

1. e4 e6 2. Nc3
d5 3. e5 Nc6 4. Nf3 d4 5. Nb5 Bc5 6. a3 a5 7. c3 Nge7 8. Bd3 O-O 9. Bxh7+ Kxh7
10. Ng5+ Kg8 11. Qh5 Re8 12. Qxf7+ Kh8 13. Nxc7 Nxe5 14. Qh5+ Kg8 15. Qh7+ Kf8
16. Ncxe6+ Bxe6 17. Nxe6+ 1-0

[Event "Wellington Club Championship - Open Swiss"]
[Site "Wellington Chess Club"]
[Date "2023.11.30"]
[Round "10.16"]
[White "Asher, Bruce"]
[Black "Fairbrother, Rebecca"]
[Result "1-0"]
[WhiteElo "1206"]
[BlackElo "918"]

1. e4 e5 2. Nf3 Bd6 3. Nc3 Nf6 4. Bc4 O-O 5. h3 b6 6. d3 Bb7 7. O-O Qe7 8. Bg5
Bc5 9. Nd5 Bxd5 10. Bxd5 Qd6 11. c4 Nc6 12. Bh4 h6 13. a3 Rab8 14. b4 Nxb4 15.
axb4 Bxb4 16. Rxa7 c6 17. Bxc6 Qxc6 18. Nxe5 Qe6 19. Qa1 Bc5 20. Bxf6 b5 21.
Bxg7 Kxg7 22. Nxd7+ Kg8 23. Nxc5 Qd6 24. Nd7 b4 25. Nxf8 Qxf8 26. Qe5 b3 27.
Rb1 Qb4 28. Qf4 Rd8 29. Qxf7+ Kh8 30. Qg7# 1-0

[Event "Wellington Club Championship - Open Swiss"]
[Site "Wellington Chess Club"]
[Date "2023.12.07"]
[Round "11.1"]
[White "Hunt, Liam"]
[Black "Chang, Luke"]
[Result "0-1"]
[WhiteElo "1690"]
[BlackElo "1632"]

1. f4 e6 2. Nf3 d5 3. e3 c5 4. Bb5+ Bd7 5. Bxd7+ Nxd7 6. b3 Be7 7. Bb2 Bf6 8.
Bxf6 Ngxf6 9. O-O Qe7 10. a4 e5 11. fxe5 Nxe5 12. Nxe5 Qxe5 13. Nc3 O-O 14. Qf3
Rad8 15. Rad1 d4 16. exd4 cxd4 17. Ne2 Qc5 18. Qd3 Ng4 19. Rf5 Ne5 20. Qb5 Qxc2
21. Rdf1 Ng6 22. Qxb7 Qxd2 23. Nf4 Nxf4 24. R5xf4 Qe3+ 25. Kh1 Qe6 26. Qxa7 Rd7
27. Qa5 d3 28. Rd1 Qxb3 29. Rff1 Rd5 30. Qd2 Qxa4 31. Ra1 Qc2 32. Qf4 d2 33.
Ra8 f6 34. Rxf8+ Kxf8 35. Qb8+ Ke7 36. Qa7+ Rd7 37. Qa3+ 0-1

[Event "Wellington Club Championship - Open Swiss"]
[Site "Wellington Chess Club"]
[Date "2023.12.07"]
[Round "11.2"]
[White "Pomeroy, Arthur J"]
[Black "Farrington, Lawrence"]
[Result "1-0"]
[WhiteElo "2021"]
[BlackElo "1506"]

1. e4 e6 2. d4 d5 3. Nc3 Bb4 4. e5 Ne7 5. a3 Bxc3+ 6. bxc3 c5 7. h4 Nbc6 8. h5
h6 9. Nf3 Qc7 10. Be2 Bd7 11. Kf1 b6 12. a4 c4 13. Ba3 Qd8 14. g4 Bc8 15. Qd2
Bb7 16. Nh4 Kd7 17. g5 Nc8 18. Qf4 Qg8 19. g6 fxg6 20. Nxg6 N8e7 21. Nxh8 Qxh8
22. Rg1 Rf8 23. Qg3 Qg8 24. Qxg7 Qxg7 25. Rxg7 Rf4 26. Bg4 Bc8 27. Bc1 Rxg4 28.
Rxg4 Nf5 29. Rg8 Nce7 30. Rh8 Kc6 31. Bxh6 Bd7 32. Bg5 Kc7 33. Rh7 Kd8 34. h6
Be8 35. Rxe7 Nxe7 36. h7 1-0

[Event "Wellington Club Championship - Open Swiss"]
[Site "Wellington Chess Club"]
[Date "2023.12.07"]
[Round "11.3"]
[White "Forster, Bill"]
[Black "Sole, Michael"]
[Result "1/2-1/2"]
[WhiteElo "2016"]
[BlackElo "2130"]

1. e4 e5 2. f4 exf4 3. Bc4 Nc6 4. Nf3 d6 5. d4 Nf6 6. Nc3 Nh5 7. O-O g6 8. e5
Bg7 9. exd6 Qxd6 10. Nb5 Qd8 11. Qe2+ Ne7 12. Ne5 O-O 13. Bxf4 Nxf4 14. Rxf4
Nf5 15. c3 c6 16. Na3 Qe7 17. Re1 Nd6 18. Bd3 Bf5 19. Bxf5 Nxf5 20. Re4 Qc7 21.
Nac4 Rad8 22. b4 b6 23. Nd3 Qd7 24. Nce5 Qd5 25. Nf4 Qd6 26. g4 Nh4 27. Qf2 g5
28. Nh5 Qd5 29. Nf6+ Bxf6 30. Qxf6 Ng6 31. R4e2 Rd6 32. Qf5 Kg7 33. Rf1 f6 34.
Nxg6 Qxf5 35. gxf5 hxg6 36. Re7+ Rf7 37. Rxf7+ Kxf7 38. Kg2 gxf5 39. Rxf5 Kg6
40. Rf1 Re6 41. Kf2 Re4 42. Rd1 Kh5 43. c4 f5 44. d5 cxd5 45. cxd5 Kg6 46. d6
Re8 47. d7 Rd8 48. h3 Kf6 49. a3 Ke6 50. Rg1 Rxd7 51. Rxg5 Rd3 52. Rg3 Rd7 53.
Re3+ Kf6 54. Kg3 Kg5 55. h4+ Kf6 56. Rc3 Rg7+ 57. Kf3 Ke5 58. Rc4 Rd7 59. Ke3
Rg7 60. Kf3 Kd5 61. Rf4 Rf7 62. h5 Ke5 63. Rh4 Kf6 64. h6 Kg6 65. Kf4 Re7
1/2-1/2

[Event "Wellington Club Championship - Open Swiss"]
[Site "Wellington Chess Club"]
[Date "2023.12.07"]
[Round "11.4"]
[White "Aldridge, Alan"]
[Black "Marney, John"]
[Result "1-0"]
[WhiteElo "1894"]
[BlackElo "1658"]

1. d4 d5 2. c4 e6 3. Nc3 Nf6 4. Bg5 Be7 5. e3 h6 6. Bh4 O-O 7. Nf3 b6 8. Bd3
Bb7 9. O-O c5 10. Rc1 dxc4 11. Bxc4 cxd4 12. Nxd4 Na6 13. Qe2 Nc5 14. Rfd1 Qc8
15. b4 e5 16. Ndb5 Ne6 17. Bxf6 gxf6 18. Nd5 Re8 19. Nxe7+ Rxe7 20. Nd6 Qb8 21.
Nxb7 Rxb7 22. Bd5 Rd7 23. Bxa8 Rxd1+ 24. Qxd1 Qxa8 25. Qc2 Qd5 26. Rd1 Qb7 27.
h4 e4 28. Qa4 b5 29. Qc2 f5 30. Qd2 Qe7 31. g3 Kg7 32. a3 Qb7 33. Qd5 Qa6 34.
Qxf5 Qxa3 35. Rd7 Qa1+ 36. Kg2 Qf6 37. Qxf6+ Kxf6 38. Rxa7 1-0

[Event "Wellington Club Championship - Open Swiss"]
[Site "Wellington Chess Club"]
[Date "2023.12.07"]
[Round "11.5"]
[White "Henrys, Francis"]
[Black "Saglam, Yigit"]
[Result "1/2-1/2"]
[WhiteElo "1690"]
[BlackElo "1775"]

1. e4 c5 2. c3 g6 3. Nf3 Bg7 4. d4 cxd4 5. cxd4 Qa5+ 6. Bd2 Qb6 7. Bc3 Nf6 8.
Nbd2 O-O 9. Bd3 d6 10. O-O Bg4 11. h3 Bxf3 12. Qxf3 Nc6 13. d5 Ne5 14. Bxe5
dxe5 15. Nc4 Qc7 16. Rac1 Nd7 17. b4 a6 18. a3 Rac8 19. Qe3 Rfe8 20. Rfd1 Bf8
21. Be2 b5 22. Na5 Qb6 23. Rxc8 Rxc8 24. Bg4 Qxe3 25. fxe3 Rc7 26. Nc6 Nb6 27.
Nxe5 Rc3 28. Rd3 Rxd3 29. Nxd3 h5 30. Be2 Nc4 31. Nc5 Nxa3 32. Nxa6 e6 33. Kf2
Nc2 34. Bxb5 Nxb4 35. Nxb4 Bxb4 36. Bc4 e5 37. g4 hxg4 38. hxg4 Kf8 39. g5 Be7
40. Bb5 Bxg5 41. d6 Bd8 42. Kf3 f6 43. Kg4 Bb6 1/2-1/2

[Event "Wellington Club Championship - Open Swiss"]
[Site "Wellington Chess Club"]
[Date "2023.12.07"]
[Round "11.6"]
[White "Sova, Leo"]
[Black "Katkodia, Ali"]
[Result "1-0"]
[WhiteElo "1645"]
[BlackElo "1609"]

1. e4 d6 2. d4 Nf6 3. Nc3 g6 4. Be3 Bg7 5. Qd2 c6 6. f3 Nbd7 7. Bd3 e5 8. Nge2
a6 9. O-O-O b5 10. a3 exd4 11. Nxd4 c5 12. Nc6 Qc7 13. Nb4 cxb4 14. axb4 Ne5
15. Be2 Nc4 16. Bxc4 bxc4 17. Qxd6 Qxd6 18. Rxd6 O-O 19. Bc5 Re8 20. Na4 Nd7
21. Bd4 Bxd4 22. Rxd4 Ne5 23. c3 Be6 24. Nc5 Red8 25. Rhd1 Rxd4 26. Rxd4 Kf8
27. Nxe6+ fxe6 28. Kd2 Ke7 29. b3 Rd8 30. Rxd8 Kxd8 31. bxc4 Nxc4+ 32. Kd3 Nd6
33. c4 Kc7 34. Kd4 Kc6 35. f4 Nf7 36. g4 h6 37. h3 g5 38. f5 e5+ 39. Kd3 Kb6
40. Kc3 a5 41. c5+ Kb5 42. bxa5 Kxc5 43. a6 Kb6 44. Kc4 Kxa6 45. Kd5 Kb5 46.
Ke6 Nh8 47. Kxe5 Kc5 48. Kf6 Kd6 49. e5+ Kd7 50. e6+ Ke8 51. Kg7 1-0

[Event "Wellington Club Championship - Open Swiss"]
[Site "Wellington Chess Club"]
[Date "2023.12.07"]
[Round "11.8"]
[White "Ulm, Eric"]
[Black "Stoeveken, Peter"]
[Result "0-1"]
[WhiteElo "1433"]
[BlackElo "1743"]

1. e4 c5 2. Nf3 Nc6 3. Bb5 a6 4. Bxc6 bxc6 5. b3 d5 6. Nc3 Bg4 7. d3 e6 8. h3
Bh5 9. O-O Bd6 10. Ba3 Be5 11. Na4 Bxa1 12. Qxa1 f6 13. g4 Bf7 14. Bxc5 Ne7 15.
e5 f5 16. gxf5 Nxf5 17. c4 Bh5 18. Nd4 Qg5+ 19. Kh2 Qf4+ 20. Kh1 Bf3+ 21. Nxf3
Qxf3+ 22. Kh2 Qxd3 23. Rd1 Qe4 24. Rg1 d4 25. Rg4 Qxe5+ 26. Kh1 O-O-O 27. Bb6
h5 28. Rg1 Rdf8 29. Re1 Qf4 30. Rxe6 Qf3+ 31. Kg1 Nh4 32. Qf1 Re8 33. c5 Rxe6
34. Qxa6+ Kd7 35. Qb7+ Ke8 36. Qc8+ Kf7 37. Qd7+ Re7 0-1

[Event "Wellington Club Championship - Open Swiss"]
[Site "Wellington Chess Club"]
[Date "2023.12.07"]
[Round "11.9"]
[White "Tan, Jin"]
[Black "Mavaram, Eashan"]
[Result "1/2-1/2"]
[WhiteElo "1236"]
[BlackElo "1525"]

1. e4 c6 2. d4 d5 3. Nc3 dxe4 4. Nxe4 Nf6 5. Nxf6+ exf6 6. Nf3 Bd6 7. Be2 O-O
8. O-O Bf5 9. Be3 Re8 10. c3 Bc7 11. Qb3 Bb6 12. h3 Nd7 13. Rad1 Be6 14. c4 Qe7
15. Qc2 Nf8 16. Rfe1 Bd7 17. a3 Rac8 18. b4 Bc7 1/2-1/2

[Event "Wellington Club Championship - Open Swiss"]
[Site "Wellington Chess Club"]
[Date "2023.12.07"]
[Round "11.11"]
[White "Joseph, Joji Chacko"]
[Black "Qu, Lucas"]
[Result "1/2-1/2"]
[WhiteElo "1305"]
[BlackElo "1628"]

1. e4 e5 2. Nf3 Nc6 3. Bc4 Nf6 4. d3 h6 5. O-O Bc5 6. Re1 d6 7. h3 Bd7 8. c3
Qe7 9. d4 exd4 10. cxd4 Bb4 11. Nc3 O-O-O 12. a3 Bxc3 13. bxc3 g5 14. e5 dxe5
15. Nxe5 Nxe5 16. Rxe5 Qd6 17. Bxf7 Bxh3 18. gxh3 Qxe5 19. dxe5 Rxd1+ 20. Kg2
Ne4 21. e6 Nd6 22. Bh5 Re1 23. f3 Kb8 24. Kf2 Rxe6 25. Bb2 Rd8 26. Rd1 b6 27.
c4 Nb7 28. Rxd8+ Nxd8 29. Bg7 Rc6 30. Be8 Rxc4 31. Bxh6 Rc5 32. Bf8 Re5 33. Bg6
Re6 34. Be4 c6 35. Kg3 Nf7 36. Kg4 Kc7 37. Kf5 Kd7 1/2-1/2

[Event "Wellington Club Championship - Open Swiss"]
[Site "Wellington Chess Club"]
[Date "2023.12.07"]
[Round "11.13"]
[White "Ulm, Joy"]
[Black "Asher, Bruce"]
[Result "1-0"]
[WhiteElo "1664"]
[BlackElo "1206"]

1. d4 d5 2. c4 e6 3. Nc3 Nf6 4. Bg5 h6 5. Bxf6 Qxf6 6. cxd5 exd5 7. Nxd5 Qd6 8.
Nc3 Be7 9. Nf3 c5 10. d5 O-O 11. e4 Re8 12. Nb5 Qb6 13. Qc2 a6 14. Nc3 Bf6 15.
Be2 Bg4 16. O-O Nd7 17. h3 Bh5 18. Rfe1 Rac8 19. Rad1 Bg6 20. Nd2 Ne5 21. Nc4
Nxc4 22. Bxc4 Rcd8 23. Bd3 Bd4 24. Qb3 Qc7 25. a4 Qf4 26. Qc2 Rc8 27. Qe2 Re5
28. Qf3 Qh4 29. Kf1 c4 30. Bb1 Bxc3 31. bxc3 Rd8 32. Qe2 Bh5 33. f3 Qg3 34. Qf2
Qg5 35. g4 Bg6 36. f4 Qf6 37. fxe5 Qxe5 38. Qe3 Rd6 39. Bc2 Rf6+ 40. Kg2 Rf4
41. d6 Qg5 42. d7 1-0

[Event "Wellington Club Championship - Open Swiss"]
[Site "Wellington Chess Club"]
[Date "2023.12.07"]
[Round "11.14"]
[White "He, Zachary"]
[Black "He, Jacob"]
[Result "0-1"]
[WhiteElo "1150"]
[BlackElo "889"]

1. e4 e5 2. Nc3 Nf6 3. f4 Nc6 4. Nf3 d6 5. Bc4 Be7 6. d4 O-O 7. fxe5 dxe5 8. d5
Nd4 9. Nxd4 exd4 10. Qxd4 Bd6 11. O-O b6 12. Bg5 Bc5 13. Bxf6 Bxd4+ 14. Bxd4
Re8 15. d6 Be6 16. Bxe6 Rxe6 17. Nb5 cxd6 18. Rf4 Rg6 19. Raf1 f6 20. Bc3 Qd7
21. a4 Qh3 22. R1f2 Rd8 23. Rd2 d5 24. Rf5 Re8 25. Rfxd5 Qe3+ 26. Kf1 Qxe4 27.
Be5 Rxe5 28. Rd8+ Re8 29. Rxe8+ Qxe8 30. Re2 Qc6 31. b3 a6 32. Nd4 Qd7 33. Nf3
h5 34. Rd2 Qe7 35. Re2 Qd7 36. Rd2 Qc6 37. Nd4 Qd6 38. Nf3 Qf4 39. Rd4 Qc1+ 40.
Ne1 f5 41. Rd8+ Kh7 42. Ra8 Re6 43. g3 Rxe1+ 44. Kf2 Qe3+ 45. Kg2 Qe4+ 46. Kf2
Qe2# 0-1

[Event "Estonian Rapid"]
[Site "Wellington NZL"]
[Date "2023.11.25"]
[Round "1.2"]
[White "Baker, Ilias Angelo (Leo)"]
[Black "Ker, Anthony"]
[Result "0-1"]
[WhiteElo "1448"]
[BlackElo "2376"]

1. e4 c5 2. Nf3 g6 3. d4 cxd4 4. Nxd4 Nc6 5. c4 Nf6 6. Nc3 d6 7. Be2 Nxd4 8.
Qxd4 Bg7 9. Be3 O-O 10. Qd2 Be6 11. O-O Qa5 12. Rac1 Rfc8 13. b3 a6 14. f3 b5
15. Nd5 Qxd2 16. Bxd2 Nxd5 17. cxd5 Bd4+ 18. Kh1 Bd7 19. Rxc8+ Rxc8 20. Rc1 Kg7
21. Rxc8 Bxc8 22. a4 Bd7 23. g3 Kf6 24. h4 e6 25. axb5 axb5 26. f4 exd5 27.
exd5 Kf5 28. Bd3+ Kf6 29. Kg2 Bf5 30. Bxf5 Kxf5 31. Kf3 h5 32. Bb4 Bc5 33. Bc3
f6 34. Bb2 g5 35. fxg5 fxg5 36. hxg5 Kxg5 37. Bg7 Kf5 38. Bb2 Bb6 39. Bc3 Bd8
40. Bd4 $2 Bf6 41. Bxf6 Kxf6 42. Kf4 Kg6 43. Ke4 Kg5 0-1

[Event "Estonian Rapid"]
[Site "Wellington NZL"]
[Date "2023.11.25"]
[Round "2.2"]
[White "Ker, Anthony"]
[Black "Benitez, Edgar"]
[Result "1-0"]
[WhiteElo "2376"]
[BlackElo "1767"]

1. e4 e5 2. d4 exd4 3. Nf3 Nc6 4. Bc4 Nf6 5. e5 d5 6. Bb5 Ne4 7. Nxd4 Bd7 8.
Bxc6 bxc6 9. O-O Bc5 10. f3 Ng5 11. f4 Ne4 12. Be3 O-O 13. Nd2 f5 14. Nxe4 dxe4
15. Qd2 Bb6 16. Rad1 Qe8 17. Qc3 Kh8 18. Nb3 Be6 19. Kh1 Bd5 20. Bc5 Rf7 21.
Qd4 Rd7 22. c4 Be6 23. Qc3 Rad8 24. Rd4 Rxd4 25. Bxd4 Bxd4 26. Nxd4 c5 27. Nb5
Qf7 28. b3 a6 29. Na3 h6 30. Qe3 Qe7 31. Nc2 a5 32. h3 a4 33. Qf2 axb3 34. axb3
Rd3 35. Rb1 g5 36. Ne3 Qd7 37. Rf1 Qd4 38. Re1 Rxb3 39. fxg5 hxg5 40. Qe2 f4
41. Qh5+ Kg7 42. Qxg5+ Kf8 43. Qxf4+ Ke8 44. Qf6 Bxh3 45. Qh8+ Ke7 46. Qxh3 Qd2
47. Nd5+ {Black lost on time here} 1-0

[Event "Estonian Rapid"]
[Site "Wellington NZL"]
[Date "2023.11.25"]
[Round "2.3"]
[White "Malcolm, Aidan"]
[Black "Winter, Ryan"]
[Result "0-1"]
[WhiteElo "1739"]
[BlackElo "2088"]

1. d4 Nf6 2. c4 e6 3. Nc3 Bb4 4. e3 O-O 5. Ne2 Re8 6. a3 Bf8 7. e4 d6 8. Bg5
Nbd7 9. Ng3 c5 10. d5 exd5 11. cxd5 Nxe4 12. Be3 Ndf6 13. Ncxe4 Nxe4 14. Bd3
Nf6 15. O-O Ng4 16. Bd2 Qh4 17. h3 Nf6 18. Nf5 Bxf5 19. Bxf5 Nxd5 20. g3 Qf6
21. Bxh7+ Kxh7 22. Qh5+ Kg8 23. Qxd5 b6 24. b4 Qe6 25. Qg2 Qe4 26. Rfe1 Qxg2+
27. Kxg2 d5 28. bxc5 bxc5 0-1

[Event "Estonian Rapid"]
[Site "Wellington NZL"]
[Date "2023.11.25"]
[Round "2.8"]
[White "Brockway, Andrew"]
[Black "Van der Hoorn, Thomas"]
[Result "0-1"]
[WhiteElo "1557"]
[BlackElo "1906"]

1. e4 c6 2. d4 d5 3. exd5 cxd5 4. Bd3 Nc6 5. c3 Qc7 6. Ne2 Bg4 7. f3 Bd7 8. Bf4
e5 9. dxe5 Nxe5 10. Qd2 Bd6 11. Bg3 Nf6 12. Bxe5 Bxe5 13. f4 Bd6 14. Na3 O-O-O
15. Nb5 Bxb5 16. Bxb5 Bc5 17. Bd3 Rhe8 18. Kd1 Ne4 19. Bxe4 dxe4 20. Nd4 e3 21.
Qd3 e2+ 22. Ke1 Qxf4 23. Qf5+ Qxf5 24. Nxf5 g6 25. Ng3 Re5 26. Rc1 Rde8 27. Rc2
Bf2+ 28. Kxf2 e1=Q+ 29. Rxe1 Rxe1 30. Re2 R8xe2+ 31. Nxe2 Rb1 32. b4 Ra1 33. a4
Rxa4 34. Ke3 Ra2 35. g4 Kd7 36. h4 Kd6 37. Nd4 a6 38. Nf3 Rg2 39. g5 Rg3 40.
Kf4 Rxf3+ 41. Kxf3 Kd5 42. Kf4 Kc4 43. Ke5 Kxc3 44. Kf6 Kxb4 45. Kxf7 a5 46.
Kg7 a4 47. Kxh7 a3 48. Kxg6 a2 49. Kh7 a1=Q 50. g6 Qh1 51. Kg8 Qxh4 52. g7 0-1

[Event "Estonian Rapid"]
[Site "Wellington NZL"]
[Date "2023.11.25"]
[Round "3.2"]
[White "Van der Hoorn, Thomas"]
[Black "Ker, Anthony"]
[Result "0-1"]
[WhiteElo "1906"]
[BlackElo "2376"]

1. e4 c5 2. Nf3 g6 3. d4 cxd4 4. Nxd4 Nc6 5. c4 Nf6 6. Nc3 d6 7. Be2 Nxd4 8.
Qxd4 Bg7 9. Be3 O-O 10. Qd3 Be6 11. O-O Nd7 12. b3 Nc5 13. Qc2 Qa5 14. Bd2 Qb6
15. Rad1 Rfc8 16. Be3 Qd8 17. Bd4 Qf8 18. f4 Bxd4+ 19. Rxd4 Qg7 20. Rdd1 f5 21.
Bf3 Rab8 22. Qd2 fxe4 23. Nxe4 Nxe4 24. Bxe4 Rc5 25. Rfe1 Bg4 26. Bd5+ Kh8 27.
Rc1 b5 28. b4 Rc7 29. h3 Bf5 30. cxb5 Rxc1 31. Rxc1 Rxb5 32. Rc7 a5 33. Ra7
Qa1+ 34. Kh2 Rxb4 35. Ra8+ Kg7 36. Rg8+ Kh6 37. Qf2 Qf6 38. g4 Bxg4 39. hxg4
Rxf4 40. Qg3 Kg5 41. Bg2 Rxg4 42. Qe3+ Qf4+ 43. Qxf4+ Rxf4 44. Rg7 e6 45. Rxh7
Ra4 46. Rd7 d5 47. Bxd5 exd5 48. Rxd5+ Kf4 49. Rd2 {And Black eventually won}
0-1

[Event "Estonian Rapid"]
[Site "Wellington NZL"]
[Date "2023.11.25"]
[Round "3.6"]
[White "Young, Cohen"]
[Black "Tanoi, Edward"]
[Result "1-0"]
[WhiteElo "1945"]
[BlackElo "1851"]

1. e4 c5 2. Nf3 Nc6 3. d4 cxd4 4. Nxd4 e5 5. Nb5 d6 6. c4 Be6 7. N1c3 a6 8. Na3
g6 9. Be3 Bg7 10. Be2 Nf6 11. O-O O-O 12. Nc2 Rc8 13. Qd2 Na5 14. b3 b5 15.
cxb5 axb5 16. Bxb5 Qc7 17. Nd5 Bxd5 18. exd5 Qxc2 19. Qxa5 Ra8 20. Qd2 Qxd2 21.
Bxd2 Nxd5 { [%csl Gc6] } 22. Bc6 { [%csl Gc6] } 22... Nc7 23. Bxa8 Rxa8 24. a4
{ [%csl Ge4] } 24... e4 { [%csl Ge4] } 25. Rac1 Ne6 26. Be3 f5 27. g3 g5 28.
Rfd1 Bb2 29. Rc6 Be5 30. Bb6 f4 31. Re1 e3 32. Kg2 Kf7 33. fxe3 fxg3 34. hxg3
h5 35. a5 g4 36. b4 Ng5 37. b5 Nf3 38. Rf1 Ke6 39. a6 h4 40. gxh4 Nxh4+ 41. Kf2
Nf3 42. Ke2 Rh8 43. Rxf3 gxf3+ 44. Kxf3 1-0

[Event "Estonian Rapid"]
[Site "Wellington NZL"]
[Date "2023.11.25"]
[Round "3.8"]
[White "Baker, Ilias Angelo (Leo)"]
[Black "Malcolm, Aidan"]
[Result "1-0"]
[WhiteElo "1448"]
[BlackElo "1739"]

1. e4 e5 2. Nf3 Nc6 3. Bb5 Nf6 4. d3 Bc5 5. c3 d6 6. O-O h6 7. d4 exd4 8. cxd4
Bb4 9. Qa4 Bd7 10. Bxc6 Bxc6 11. Qxb4 Nxe4 12. Nc3 Nxc3 13. Qxc3 O-O 14. Bf4
Qf6 15. Bg3 Rac8 16. Rad1 Qg6 17. d5 Bd7 18. Qd3 Bf5 19. Qd4 Bg4 20. Rd3 f5 21.
h3 Bh5 22. Bf4 Qf7 23. Re1 Rce8 24. Bd2 Re4 25. Qxa7 Rfe8 26. Rc1 Bxf3 27. Rxf3
Qxd5 28. Be3 g5 29. Rxc7 g4 30. hxg4 fxg4 31. Rg3 h5 32. Rxb7 Rf8 33. Rg7+ 1-0

[Event "Estonian Rapid"]
[Site "Wellington NZL"]
[Date "2023.11.25"]
[Round "4.1"]
[White "Ker, Anthony"]
[Black "Nicholls, Leighton"]
[Result "1-0"]
[WhiteElo "2376"]
[BlackElo "2017"]

1. e4 e5 2. d4 exd4 3. Nf3 Nc6 4. Bc4 Nf6 5. e5 d5 6. Bb5 Ne4 7. Nxd4 Bd7 8.
Bxc6 Bxc6 9. O-O Be7 10. Be3 O-O 11. f3 Nc5 12. Nc3 Qd7 13. Qd2 Ne6 14. Rae1
Bc5 15. f4 Bxd4 16. Bxd4 Nxd4 17. Qxd4 b6 18. f5 f6 19. e6 Qd6 20. Rd1 Rad8 21.
Rfe1 Rfe8 22. Rd3 Bb7 23. Red1 c6 24. Rg3 Qe5 25. Qxe5 fxe5 26. f6 Kf8 27. e7+
Kf7 28. Rxg7+ Kxf6 29. exd8=Q+ Rxd8 30. Rxb7 1-0